000 00265nam a22001217a 4500
008 181106b xxu||||| |||| 00| 0 eng d
041 _aeng
080 _a611.085
100 _a9
101 _aHIS
245 _aTextbook of Histology
_cWindle,W.F
942 _2udc
_cBK
999 _c52013
_d52013